000 00260nam a2200109Ia 4500
008 190919s9999||||xx |||||||||||||| ||und||
100 _aSteve Smith
245 4 _aThe Quality Revolution
260 _aUSA
_bBritish library
_c2000
300 _a278
942 _cBK
999 _c10814
_d10814